| 000 | 00454nam a22001697a 4500 | ||
|---|---|---|---|
| 003 | NUST - PNEC | ||
| 005 | 20170116180859.0 | ||
| 008 | 150901b xxu||||| |||| 00| 0 eng d | ||
| 020 | _a- | ||
| 040 | _cLIBRARY | ||
| 082 | _a620.1 JUN | ||
| 100 |
_96197 _aJunnarkar, S. B. |
||
| 245 |
_aKey to elements of applied mechanics _cS.B. Junnarkar |
||
| 260 |
_aIndia: _bCharotar Book Stall, _c1964 |
||
| 650 |
_96199 _aApplied mechanics _xME |
||
| 942 |
_2ddc _cBK |
||
| 999 |
_c64901 _d64901 |
||